| 000 -LEADER |
| fixed length control field |
01230cam a22003857a 4500 |
| 001 - CONTROL NUMBER |
| control field |
17353848 |
| 005 - DATE AND TIME OF LATEST TRANSACTION |
| control field |
20180827083041.0 |
| 007 - PHYSICAL DESCRIPTION FIXED FIELD--GENERAL INFORMATION |
| fixed length control field |
co cga|||||||| |
| 008 - FIXED-LENGTH DATA ELEMENTS--GENERAL INFORMATION |
| fixed length control field |
120620s2009 moua b 001 0 eng c |
| 010 ## - LIBRARY OF CONGRESS CONTROL NUMBER |
| LC control number |
2012392875 |
| 015 ## - NATIONAL BIBLIOGRAPHY NUMBER |
| National bibliography number |
GBA822237 |
| Source |
bnb |
| 016 7# - NATIONAL BIBLIOGRAPHIC AGENCY CONTROL NUMBER |
| Record control number |
101472823 |
| Source |
DNLM |
| 016 7# - NATIONAL BIBLIOGRAPHIC AGENCY CONTROL NUMBER |
| Record control number |
014530462 |
| Source |
Uk |
| 020 ## - INTERNATIONAL STANDARD BOOK NUMBER |
| International Standard Book Number |
9780323048286 |
| 020 ## - INTERNATIONAL STANDARD BOOK NUMBER |
| International Standard Book Number |
0323048285 |
| 020 ## - INTERNATIONAL STANDARD BOOK NUMBER |
| International Standard Book Number |
9996047180 (CD) |
| 020 ## - INTERNATIONAL STANDARD BOOK NUMBER |
| International Standard Book Number |
9789996047183 (CD) |
| 035 ## - SYSTEM CONTROL NUMBER |
| System control number |
(OCoLC)ocn217277370 |
| 037 ## - SOURCE OF ACQUISITION |
| Stock number |
60333 |
| 040 ## - CATALOGING SOURCE |
| Original cataloging agency |
NLM |
| Transcribing agency |
YUS |
| Modifying agency |
NLM |
| -- |
UKM |
| -- |
BTCTA |
| -- |
BAKER |
| -- |
YDXCP |
| -- |
COU |
| -- |
IXA |
| -- |
ZCK |
| -- |
VAM |
| -- |
DMJ |
| -- |
TMY |
| -- |
MDU |
| -- |
FEO |
| -- |
JVD |
| -- |
ZWZ |
| -- |
DEBBG |
| -- |
TVG |
| -- |
CNMBL |
| -- |
GTA |
| -- |
BDX |
| -- |
DLC |
| 041 ## - LANGUAGE CODE |
| Language code of text/sound track or separate title |
eng |
| 042 ## - AUTHENTICATION CODE |
| Authentication code |
pcc |
| 060 00 - NATIONAL LIBRARY OF MEDICINE CALL NUMBER |
| Classification number |
2008 F-012 |
| 060 10 - NATIONAL LIBRARY OF MEDICINE CALL NUMBER |
| Classification number |
WY 100 |
| Item number |
P868f 2009 |
| 080 ## - UNIVERSAL DECIMAL CLASSIFICATION NUMBER |
| Universal Decimal Classification number |
610.73 |
| 082 00 - DEWEY DECIMAL CLASSIFICATION NUMBER |
| Classification number |
610.73 |
| Edition number |
23 |
| 084 ## - OTHER CLASSIFICATION NUMBER |
| Classification number |
XC 5901 |
| Source of number |
rvk |
| 100 1# - Rafti |
| Rafti |
2 |
| 101 ## - Shkurtesa |
| Shkurtesa |
NUR |
| 245 10 - TITLE STATEMENT |
| Title |
Fundamentals of nursing / |
| Statement of responsibility, etc |
Patricia A. Potter, Anne Griffin Perry ; section editors, Amy Hall, Patricia A. Stockert. |
| 504 ## - BIBLIOGRAPHY, ETC. NOTE |
| Bibliography, etc |
Includes bibliographical references (p. 1409-1439) and index. |
| 906 ## - LOCAL DATA ELEMENT F, LDF (RLIN) |
| a |
7 |
| b |
cbc |
| c |
pccadap |
| d |
2 |
| e |
ncip |
| f |
20 |
| g |
y-gencatlg |
| 942 ## - ADDED ENTRY ELEMENTS (KOHA) |
| Source of classification or shelving scheme |
|
| Item type |
Books |